000
00347nam a2200145Ia 4500
003
OSt
005
20240205142815.0
008
170523s9999 xx 000 0 und d
020
_a
978-8121924627
040
_c
iimt university meerut
100
_a
PARAMAHAMRA FOUNDATION
245
0
_a
PRODUCTION MANAGEMENT
260
_b
BANGALORE
942
_2
ddc
_c
02
999
_c
305
_d
305